000
00276nam a22001217a 4500
008
170424b xxu||||| |||| 00| 0 eng d
041
_a
eng
080
_a
547
100
_a
12
101
_a
SHM
245
_a
BELISTEIN ORGANISCHE CHEME
_c
ERGANZUNGSWERK.Z
942
_2
udc
_c
BK
999
_c
11700
_d
11700